Statistics for Chelsea Full Squads (2000-)

Click here to take the quiz!

General Stats

  • This quiz has been taken 279 times
    (277 since last reset)
  • The average score is 356 of 575

Answer Stats

Year#Pos/CountryAnswer% Correct
2006-200711FW ๐Ÿ‡จ๐Ÿ‡ฎDidier Drogba
99%
2009-201011FW ๐Ÿ‡จ๐Ÿ‡ฎDidier Drogba
99%
2007-200811FW ๐Ÿ‡จ๐Ÿ‡ฎDidier Drogba
99%
2005-200615FW ๐Ÿ‡จ๐Ÿ‡ฎDidier Drogba
99%
2014-201511FW ๐Ÿ‡จ๐Ÿ‡ฎDidier Drogba
99%
2004-200515FW ๐Ÿ‡จ๐Ÿ‡ฎDidier Drogba
99%
2008-200911FW ๐Ÿ‡จ๐Ÿ‡ฎDidier Drogba
99%
2010-201111FW ๐Ÿ‡จ๐Ÿ‡ฎDidier Drogba
99%
2011-201211FW ๐Ÿ‡จ๐Ÿ‡ฎDidier Drogba
99%
2011-20121GK ๐Ÿ‡จ๐Ÿ‡ฟPetr Cech
99%
2013-20141GK ๐Ÿ‡จ๐Ÿ‡ฟPetr Cech
99%
2009-20101GK ๐Ÿ‡จ๐Ÿ‡ฟPetr Cech
99%
2014-20151GK ๐Ÿ‡จ๐Ÿ‡ฟPetr Cech
99%
2012-20131GK ๐Ÿ‡จ๐Ÿ‡ฟPetr Cech
99%
2005-20061GK ๐Ÿ‡จ๐Ÿ‡ฟPetr Cech
99%
2007-20081GK ๐Ÿ‡จ๐Ÿ‡ฟPetr Cech
99%
2010-20111GK ๐Ÿ‡จ๐Ÿ‡ฟPetr Cech
99%
2008-20091GK ๐Ÿ‡จ๐Ÿ‡ฟPetr Cech
99%
2004-20051GK ๐Ÿ‡จ๐Ÿ‡ฟPetr Cech
99%
2006-20071GK ๐Ÿ‡จ๐Ÿ‡ฟPetr Cech
99%
2020-20211GK ๐Ÿ‡ช๐Ÿ‡ธKepa Arrizabalaga
96%
2021-20221GK ๐Ÿ‡ช๐Ÿ‡ธKepa Arrizabalaga
96%
2019-20201GK ๐Ÿ‡ช๐Ÿ‡ธKepa Arrizabalaga
96%
2022-20231GK ๐Ÿ‡ช๐Ÿ‡ธKepa Arrizabalaga
96%
2018-20191GK ๐Ÿ‡ช๐Ÿ‡ธKepa Arrizabalaga
96%
2012-201329FW ๐Ÿ‡ธ๐Ÿ‡ณDemba Ba
95%
2013-201419FW ๐Ÿ‡ธ๐Ÿ‡ณDemba Ba
95%
2002-20038MF ๐Ÿด๓ ง๓ ข๓ ฅ๓ ฎ๓ ง๓ ฟFrank Lampard
94%
2009-20108MF ๐Ÿด๓ ง๓ ข๓ ฅ๓ ฎ๓ ง๓ ฟFrank Lampard
94%
2005-20068MF ๐Ÿด๓ ง๓ ข๓ ฅ๓ ฎ๓ ง๓ ฟFrank Lampard
94%
2003-20048MF ๐Ÿด๓ ง๓ ข๓ ฅ๓ ฎ๓ ง๓ ฟFrank Lampard
94%
2013-20148MF ๐Ÿด๓ ง๓ ข๓ ฅ๓ ฎ๓ ง๓ ฟFrank Lampard
94%
2010-20118MF ๐Ÿด๓ ง๓ ข๓ ฅ๓ ฎ๓ ง๓ ฟFrank Lampard
94%
2004-20058MF ๐Ÿด๓ ง๓ ข๓ ฅ๓ ฎ๓ ง๓ ฟFrank Lampard
94%
2006-20078MF ๐Ÿด๓ ง๓ ข๓ ฅ๓ ฎ๓ ง๓ ฟFrank Lampard
94%
2011-20128MF ๐Ÿด๓ ง๓ ข๓ ฅ๓ ฎ๓ ง๓ ฟFrank Lampard
94%
2007-20088MF ๐Ÿด๓ ง๓ ข๓ ฅ๓ ฎ๓ ง๓ ฟFrank Lampard
94%
2008-20098MF ๐Ÿด๓ ง๓ ข๓ ฅ๓ ฎ๓ ง๓ ฟFrank Lampard
94%
2012-20138MF ๐Ÿด๓ ง๓ ข๓ ฅ๓ ฎ๓ ง๓ ฟFrank Lampard
94%
2001-20028MF ๐Ÿด๓ ง๓ ข๓ ฅ๓ ฎ๓ ง๓ ฟFrank Lampard
94%
2011-201226DF ๐Ÿด๓ ง๓ ข๓ ฅ๓ ฎ๓ ง๓ ฟJohn Terry
94%
2004-200526DF ๐Ÿด๓ ง๓ ข๓ ฅ๓ ฎ๓ ง๓ ฟJohn Terry
94%
2014-201526DF ๐Ÿด๓ ง๓ ข๓ ฅ๓ ฎ๓ ง๓ ฟJohn Terry
94%
2005-200626DF ๐Ÿด๓ ง๓ ข๓ ฅ๓ ฎ๓ ง๓ ฟJohn Terry
94%
2010-201126DF ๐Ÿด๓ ง๓ ข๓ ฅ๓ ฎ๓ ง๓ ฟJohn Terry
94%
2000-200126DF ๐Ÿด๓ ง๓ ข๓ ฅ๓ ฎ๓ ง๓ ฟJohn Terry
94%
2009-201026DF ๐Ÿด๓ ง๓ ข๓ ฅ๓ ฎ๓ ง๓ ฟJohn Terry
94%
2016-201726DF ๐Ÿด๓ ง๓ ข๓ ฅ๓ ฎ๓ ง๓ ฟJohn Terry
94%
2002-200326DF ๐Ÿด๓ ง๓ ข๓ ฅ๓ ฎ๓ ง๓ ฟJohn Terry
94%
2012-201326DF ๐Ÿด๓ ง๓ ข๓ ฅ๓ ฎ๓ ง๓ ฟJohn Terry
94%
2013-201426DF ๐Ÿด๓ ง๓ ข๓ ฅ๓ ฎ๓ ง๓ ฟJohn Terry
94%
2015-201626DF ๐Ÿด๓ ง๓ ข๓ ฅ๓ ฎ๓ ง๓ ฟJohn Terry
94%
2008-200926DF ๐Ÿด๓ ง๓ ข๓ ฅ๓ ฎ๓ ง๓ ฟJohn Terry
94%
2003-200426DF ๐Ÿด๓ ง๓ ข๓ ฅ๓ ฎ๓ ง๓ ฟJohn Terry
94%
2001-200226DF ๐Ÿด๓ ง๓ ข๓ ฅ๓ ฎ๓ ง๓ ฟJohn Terry
94%
2007-200826DF ๐Ÿด๓ ง๓ ข๓ ฅ๓ ฎ๓ ง๓ ฟJohn Terry
94%
2006-200726DF ๐Ÿด๓ ง๓ ข๓ ฅ๓ ฎ๓ ง๓ ฟJohn Terry
94%
2018-201910FW ๐Ÿ‡ง๐Ÿ‡ชEden Hazard
92%
2016-201710FW ๐Ÿ‡ง๐Ÿ‡ชEden Hazard
92%
2017-201810FW ๐Ÿ‡ง๐Ÿ‡ชEden Hazard
92%
2013-201410FW ๐Ÿ‡ง๐Ÿ‡ชEden Hazard
92%
2015-201610FW ๐Ÿ‡ง๐Ÿ‡ชEden Hazard
92%
2014-201510FW ๐Ÿ‡ง๐Ÿ‡ชEden Hazard
92%
2012-201317FW ๐Ÿ‡ง๐Ÿ‡ชEden Hazard
92%
2013-20143DF ๐Ÿด๓ ง๓ ข๓ ฅ๓ ฎ๓ ง๓ ฟAshley Cole
90%
2008-20093DF ๐Ÿด๓ ง๓ ข๓ ฅ๓ ฎ๓ ง๓ ฟAshley Cole
90%
2012-20133DF ๐Ÿด๓ ง๓ ข๓ ฅ๓ ฎ๓ ง๓ ฟAshley Cole
90%
2010-20113DF ๐Ÿด๓ ง๓ ข๓ ฅ๓ ฎ๓ ง๓ ฟAshley Cole
90%
2007-20083DF ๐Ÿด๓ ง๓ ข๓ ฅ๓ ฎ๓ ง๓ ฟAshley Cole
90%
2011-20123DF ๐Ÿด๓ ง๓ ข๓ ฅ๓ ฎ๓ ง๓ ฟAshley Cole
90%
2009-20103DF ๐Ÿด๓ ง๓ ข๓ ฅ๓ ฎ๓ ง๓ ฟAshley Cole
90%
2006-20073DF ๐Ÿด๓ ง๓ ข๓ ฅ๓ ฎ๓ ง๓ ฟAshley Cole
90%
2019-202022FW ๐Ÿ‡บ๐Ÿ‡ธChristian Pulisic
90%
2021-202210FW ๐Ÿ‡บ๐Ÿ‡ธChristian Pulisic
90%
2020-202110FW ๐Ÿ‡บ๐Ÿ‡ธChristian Pulisic
90%
2022-202310FW ๐Ÿ‡บ๐Ÿ‡ธChristian Pulisic
90%
2009-201010MF ๐Ÿด๓ ง๓ ข๓ ฅ๓ ฎ๓ ง๓ ฟJoe Cole
90%
2004-200510MF ๐Ÿด๓ ง๓ ข๓ ฅ๓ ฎ๓ ง๓ ฟJoe Cole
90%
2006-200710MF ๐Ÿด๓ ง๓ ข๓ ฅ๓ ฎ๓ ง๓ ฟJoe Cole
90%
2008-200910MF ๐Ÿด๓ ง๓ ข๓ ฅ๓ ฎ๓ ง๓ ฟJoe Cole
90%
2003-200410MF ๐Ÿด๓ ง๓ ข๓ ฅ๓ ฎ๓ ง๓ ฟJoe Cole
90%
2007-200810MF ๐Ÿด๓ ง๓ ข๓ ฅ๓ ฎ๓ ง๓ ฟJoe Cole
90%
2005-200610MF ๐Ÿด๓ ง๓ ข๓ ฅ๓ ฎ๓ ง๓ ฟJoe Cole
90%
2008-200912MF ๐Ÿ‡ณ๐Ÿ‡ฌJohn Obi Mikel
89%
2010-201112MF ๐Ÿ‡ณ๐Ÿ‡ฌJohn Obi Mikel
89%
2012-201312MF ๐Ÿ‡ณ๐Ÿ‡ฌJohn Obi Mikel
89%
2015-201612MF ๐Ÿ‡ณ๐Ÿ‡ฌJohn Obi Mikel
89%
2011-201212MF ๐Ÿ‡ณ๐Ÿ‡ฌJohn Obi Mikel
89%
2007-200812MF ๐Ÿ‡ณ๐Ÿ‡ฌJohn Obi Mikel
89%
2006-200712MF ๐Ÿ‡ณ๐Ÿ‡ฌJohn Obi Mikel
89%
2009-201012MF ๐Ÿ‡ณ๐Ÿ‡ฌJohn Obi Mikel
89%
2014-201512MF ๐Ÿ‡ณ๐Ÿ‡ฌJohn Obi Mikel
89%
2013-201412MF ๐Ÿ‡ณ๐Ÿ‡ฌJohn Obi Mikel
89%
2014-201528DF ๐Ÿ‡ช๐Ÿ‡ธCรฉsar Azpilicueta
88%
2019-202028DF ๐Ÿ‡ช๐Ÿ‡ธCรฉsar Azpilicueta
88%
2015-201628DF ๐Ÿ‡ช๐Ÿ‡ธCรฉsar Azpilicueta
88%
2013-201428DF ๐Ÿ‡ช๐Ÿ‡ธCรฉsar Azpilicueta
88%
2020-202128DF ๐Ÿ‡ช๐Ÿ‡ธCรฉsar Azpilicueta
88%
2021-202228DF ๐Ÿ‡ช๐Ÿ‡ธCรฉsar Azpilicueta
88%
2012-201328DF ๐Ÿ‡ช๐Ÿ‡ธCรฉsar Azpilicueta
88%
2018-201928DF ๐Ÿ‡ช๐Ÿ‡ธCรฉsar Azpilicueta
88%
2022-202328DF ๐Ÿ‡ช๐Ÿ‡ธCรฉsar Azpilicueta
88%
2016-201728DF ๐Ÿ‡ช๐Ÿ‡ธCรฉsar Azpilicueta
88%
2017-201828DF ๐Ÿ‡ช๐Ÿ‡ธCรฉsar Azpilicueta
88%
2019-20205MF ๐Ÿ‡ฎ๐Ÿ‡นJorginho
88%
2020-20215MF ๐Ÿ‡ฎ๐Ÿ‡นJorginho
88%
2021-20225MF ๐Ÿ‡ฎ๐Ÿ‡นJorginho
88%
2018-20195MF ๐Ÿ‡ฎ๐Ÿ‡นJorginho
88%
2022-20235MF ๐Ÿ‡ฎ๐Ÿ‡นJorginho
88%
2005-200612FW ๐Ÿด๓ ง๓ ข๓ ฅ๓ ฎ๓ ง๓ ฟCarlton Cole
87%
2001-200239FW ๐Ÿด๓ ง๓ ข๓ ฅ๓ ฎ๓ ง๓ ฟCarlton Cole
87%
2002-200339FW ๐Ÿด๓ ง๓ ข๓ ฅ๓ ฎ๓ ง๓ ฟCarlton Cole
87%
2020-202116GK ๐Ÿ‡ธ๐Ÿ‡ณEdouard Mendy
87%
2021-202216GK ๐Ÿ‡ธ๐Ÿ‡ณEdouard Mendy
87%
2022-202316GK ๐Ÿ‡ธ๐Ÿ‡ณEdouard Mendy
87%
2010-20119FW ๐Ÿ‡ช๐Ÿ‡ธFernando Torres
87%
2011-20129FW ๐Ÿ‡ช๐Ÿ‡ธFernando Torres
87%
2013-20149FW ๐Ÿ‡ช๐Ÿ‡ธFernando Torres
87%
2012-20139FW ๐Ÿ‡ช๐Ÿ‡ธFernando Torres
87%
2005-20065MF ๐Ÿ‡ฌ๐Ÿ‡ญMichael Essien
87%
2006-20075MF ๐Ÿ‡ฌ๐Ÿ‡ญMichael Essien
87%
2011-20125MF ๐Ÿ‡ฌ๐Ÿ‡ญMichael Essien
87%
2009-20105MF ๐Ÿ‡ฌ๐Ÿ‡ญMichael Essien
87%
2007-20085MF ๐Ÿ‡ฌ๐Ÿ‡ญMichael Essien
87%
2008-20095MF ๐Ÿ‡ฌ๐Ÿ‡ญMichael Essien
87%
2010-20115MF ๐Ÿ‡ฌ๐Ÿ‡ญMichael Essien
87%
2013-20145MF ๐Ÿ‡ฌ๐Ÿ‡ญMichael Essien
87%
2021-20226DF ๐Ÿ‡ง๐Ÿ‡ทThiago Silva
87%
2020-20216DF ๐Ÿ‡ง๐Ÿ‡ทThiago Silva
87%
2022-20236DF ๐Ÿ‡ง๐Ÿ‡ทThiago Silva
87%
2011-20124DF ๐Ÿ‡ง๐Ÿ‡ทDavid Luiz
86%
2018-201930DF ๐Ÿ‡ง๐Ÿ‡ทDavid Luiz
86%
2013-20144DF ๐Ÿ‡ง๐Ÿ‡ทDavid Luiz
86%
2010-20114DF ๐Ÿ‡ง๐Ÿ‡ทDavid Luiz
86%
2017-201830DF ๐Ÿ‡ง๐Ÿ‡ทDavid Luiz
86%
2012-20134DF ๐Ÿ‡ง๐Ÿ‡ทDavid Luiz
86%
2016-201730DF ๐Ÿ‡ง๐Ÿ‡ทDavid Luiz
86%
2021-20227MF ๐Ÿ‡ซ๐Ÿ‡ทN'Golo Kantรฉ
86%
2019-20207MF ๐Ÿ‡ซ๐Ÿ‡ทN'Golo Kantรฉ
86%
2017-20187MF ๐Ÿ‡ซ๐Ÿ‡ทN'Golo Kantรฉ
86%
2018-20197MF ๐Ÿ‡ซ๐Ÿ‡ทN'Golo Kantรฉ
86%
2020-20217MF ๐Ÿ‡ซ๐Ÿ‡ทN'Golo Kantรฉ
86%
2016-20177MF ๐Ÿ‡ซ๐Ÿ‡ทN'Golo Kantรฉ
86%
2007-20086DF ๐Ÿ‡ต๐Ÿ‡นRicardo Carvalho
86%
2009-20106DF ๐Ÿ‡ต๐Ÿ‡นRicardo Carvalho
86%
2004-20056DF ๐Ÿ‡ต๐Ÿ‡นRicardo Carvalho
86%
2008-20096DF ๐Ÿ‡ต๐Ÿ‡นRicardo Carvalho
86%
2005-20066DF ๐Ÿ‡ต๐Ÿ‡นRicardo Carvalho
86%
2006-20076DF ๐Ÿ‡ต๐Ÿ‡นRicardo Carvalho
86%
2022-20238MF ๐Ÿ‡ญ๐Ÿ‡ทMateo Kovacic
85%
2020-202117MF ๐Ÿ‡ญ๐Ÿ‡ทMateo Kovacic
85%
2019-202017MF ๐Ÿ‡ญ๐Ÿ‡ทMateo Kovacic
85%
2018-201917MF ๐Ÿ‡ญ๐Ÿ‡ทMateo Kovacic
85%
2021-20228MF ๐Ÿ‡ญ๐Ÿ‡ทMateo Kovacic
85%
2014-201513GK ๐Ÿ‡ง๐Ÿ‡ชThibaut Courtois
85%
2016-201713GK ๐Ÿ‡ง๐Ÿ‡ชThibaut Courtois
85%
2017-201813GK ๐Ÿ‡ง๐Ÿ‡ชThibaut Courtois
85%
2015-201613GK ๐Ÿ‡ง๐Ÿ‡ชThibaut Courtois
85%
2021-20229FW ๐Ÿ‡ง๐Ÿ‡ชRomelu Lukaku
84%
2011-201218FW ๐Ÿ‡ง๐Ÿ‡ชRomelu Lukaku
84%
2016-20173DF ๐Ÿ‡ช๐Ÿ‡ธMarcos Alonso
83%
2020-20213DF ๐Ÿ‡ช๐Ÿ‡ธMarcos Alonso
83%
2017-20183DF ๐Ÿ‡ช๐Ÿ‡ธMarcos Alonso
83%
2018-20193DF ๐Ÿ‡ช๐Ÿ‡ธMarcos Alonso
83%
2021-20223DF ๐Ÿ‡ช๐Ÿ‡ธMarcos Alonso
83%
2019-20203DF ๐Ÿ‡ช๐Ÿ‡ธMarcos Alonso
83%
2007-200813MF ๐Ÿ‡ฉ๐Ÿ‡ชMichael Ballack
83%
2008-200913MF ๐Ÿ‡ฉ๐Ÿ‡ชMichael Ballack
83%
2009-201013MF ๐Ÿ‡ฉ๐Ÿ‡ชMichael Ballack
83%
2006-200713MF ๐Ÿ‡ฉ๐Ÿ‡ชMichael Ballack
83%
2014-20158MF ๐Ÿ‡ง๐Ÿ‡ทOscar
83%
2015-20168MF ๐Ÿ‡ง๐Ÿ‡ทOscar
83%
2012-201311MF ๐Ÿ‡ง๐Ÿ‡ทOscar
83%
2013-201411MF ๐Ÿ‡ง๐Ÿ‡ทOscar
83%
2016-20178MF ๐Ÿ‡ง๐Ÿ‡ทOscar
83%
2015-201622FW ๐Ÿ‡ง๐Ÿ‡ทWillian
83%
2017-201822FW ๐Ÿ‡ง๐Ÿ‡ทWillian
83%
2018-201922FW ๐Ÿ‡ง๐Ÿ‡ทWillian
83%
2019-202010FW ๐Ÿ‡ง๐Ÿ‡ทWillian
83%
2014-201522FW ๐Ÿ‡ง๐Ÿ‡ทWillian
83%
2013-201422FW ๐Ÿ‡ง๐Ÿ‡ทWillian
83%
2016-201722FW ๐Ÿ‡ง๐Ÿ‡ทWillian
83%
2019-20204DF ๐Ÿ‡ฉ๐Ÿ‡ฐAndreas Christensen
82%
2020-20214DF ๐Ÿ‡ฉ๐Ÿ‡ฐAndreas Christensen
82%
2018-201927DF ๐Ÿ‡ฉ๐Ÿ‡ฐAndreas Christensen
82%
2021-20224DF ๐Ÿ‡ฉ๐Ÿ‡ฐAndreas Christensen
82%
2014-201531DF ๐Ÿ‡ฉ๐Ÿ‡ฐAndreas Christensen
82%
2017-201827DF ๐Ÿ‡ฉ๐Ÿ‡ฐAndreas Christensen
82%
2010-20112DF ๐Ÿ‡ท๐Ÿ‡ธBranislav Ivanovic
82%
2008-20092DF ๐Ÿ‡ท๐Ÿ‡ธBranislav Ivanovic
82%
2016-20172DF ๐Ÿ‡ท๐Ÿ‡ธBranislav Ivanovic
82%
2009-20102DF ๐Ÿ‡ท๐Ÿ‡ธBranislav Ivanovic
82%
2011-20122DF ๐Ÿ‡ท๐Ÿ‡ธBranislav Ivanovic
82%
2013-20142DF ๐Ÿ‡ท๐Ÿ‡ธBranislav Ivanovic
82%
2014-20152DF ๐Ÿ‡ท๐Ÿ‡ธBranislav Ivanovic
82%
2012-20132DF ๐Ÿ‡ท๐Ÿ‡ธBranislav Ivanovic
82%
2015-20162DF ๐Ÿ‡ท๐Ÿ‡ธBranislav Ivanovic
82%
2017-20184MF ๐Ÿ‡ช๐Ÿ‡ธCesc Fร bregas
82%
2015-20164MF ๐Ÿ‡ช๐Ÿ‡ธCesc Fร bregas
82%
2014-20154MF ๐Ÿ‡ช๐Ÿ‡ธCesc Fร bregas
82%
2016-20174MF ๐Ÿ‡ช๐Ÿ‡ธCesc Fร bregas
82%
2018-20194MF ๐Ÿ‡ช๐Ÿ‡ธCesc Fร bregas
82%
2011-201210MF ๐Ÿ‡ช๐Ÿ‡ธJuan Mata
82%
2013-201410MF ๐Ÿ‡ช๐Ÿ‡ธJuan Mata
82%
2012-201310MF ๐Ÿ‡ช๐Ÿ‡ธJuan Mata
82%
2021-202229MF ๐Ÿ‡ฉ๐Ÿ‡ชKai Havertz
81%
2022-202329MF ๐Ÿ‡ฉ๐Ÿ‡ชKai Havertz
81%
2020-202129MF ๐Ÿ‡ฉ๐Ÿ‡ชKai Havertz
81%
2017-20182DF ๐Ÿ‡ฉ๐Ÿ‡ชAntonio Rรผdiger
80%
2018-20192DF ๐Ÿ‡ฉ๐Ÿ‡ชAntonio Rรผdiger
80%
2019-20202DF ๐Ÿ‡ฉ๐Ÿ‡ชAntonio Rรผdiger
80%
2020-20212DF ๐Ÿ‡ฉ๐Ÿ‡ชAntonio Rรผdiger
80%
2021-20222DF ๐Ÿ‡ฉ๐Ÿ‡ชAntonio Rรผdiger
80%
2020-202119MF ๐Ÿด๓ ง๓ ข๓ ฅ๓ ฎ๓ ง๓ ฟMason Mount
80%
2019-202019MF ๐Ÿด๓ ง๓ ข๓ ฅ๓ ฎ๓ ง๓ ฟMason Mount
80%
2021-202219MF ๐Ÿด๓ ง๓ ข๓ ฅ๓ ฎ๓ ง๓ ฟMason Mount
80%
2022-202319MF ๐Ÿด๓ ง๓ ข๓ ฅ๓ ฎ๓ ง๓ ฟMason Mount
80%
2022-202317FW ๐Ÿด๓ ง๓ ข๓ ฅ๓ ฎ๓ ง๓ ฟRaheem Sterling
80%
2014-20157MF ๐Ÿ‡ง๐Ÿ‡ทRamires
79%
2010-20117MF ๐Ÿ‡ง๐Ÿ‡ทRamires
79%
2013-20147MF ๐Ÿ‡ง๐Ÿ‡ทRamires
79%
2012-20137MF ๐Ÿ‡ง๐Ÿ‡ทRamires
79%
2015-20167MF ๐Ÿ‡ง๐Ÿ‡ทRamires
79%
2011-20127MF ๐Ÿ‡ง๐Ÿ‡ทRamires
79%
2013-201415FW ๐Ÿ‡ช๐Ÿ‡ฌMohamed Salah
78%
2014-201517FW ๐Ÿ‡ช๐Ÿ‡ฌMohamed Salah
78%
2020-202124DF ๐Ÿด๓ ง๓ ข๓ ฅ๓ ฎ๓ ง๓ ฟReece James
78%
2022-202324DF ๐Ÿด๓ ง๓ ข๓ ฅ๓ ฎ๓ ง๓ ฟReece James
78%
2019-202024DF ๐Ÿด๓ ง๓ ข๓ ฅ๓ ฎ๓ ง๓ ฟReece James
78%
2021-202224DF ๐Ÿด๓ ง๓ ข๓ ฅ๓ ฎ๓ ง๓ ฟReece James
78%
2020-202111FW ๐Ÿ‡ฉ๐Ÿ‡ชTimo Werner
78%
2021-202211FW ๐Ÿ‡ฉ๐Ÿ‡ชTimo Werner
78%
2015-201619FW ๐Ÿ‡ช๐Ÿ‡ธDiego Costa
77%
2016-201719FW ๐Ÿ‡ช๐Ÿ‡ธDiego Costa
77%
2014-201519FW ๐Ÿ‡ช๐Ÿ‡ธDiego Costa
77%
2010-201139FW ๐Ÿ‡ซ๐Ÿ‡ทNicolas Anelka
77%
2008-200939FW ๐Ÿ‡ซ๐Ÿ‡ทNicolas Anelka
77%
2007-200839FW ๐Ÿ‡ซ๐Ÿ‡ทNicolas Anelka
77%
2011-201239FW ๐Ÿ‡ซ๐Ÿ‡ทNicolas Anelka
77%
2009-201039FW ๐Ÿ‡ซ๐Ÿ‡ทNicolas Anelka
77%
2013-201424DF ๐Ÿด๓ ง๓ ข๓ ฅ๓ ฎ๓ ง๓ ฟGary Cahill
76%
2018-201924DF ๐Ÿด๓ ง๓ ข๓ ฅ๓ ฎ๓ ง๓ ฟGary Cahill
76%
2011-201224DF ๐Ÿด๓ ง๓ ข๓ ฅ๓ ฎ๓ ง๓ ฟGary Cahill
76%
2015-201624DF ๐Ÿด๓ ง๓ ข๓ ฅ๓ ฎ๓ ง๓ ฟGary Cahill
76%
2017-201824DF ๐Ÿด๓ ง๓ ข๓ ฅ๓ ฎ๓ ง๓ ฟGary Cahill
76%
2014-201524DF ๐Ÿด๓ ง๓ ข๓ ฅ๓ ฎ๓ ง๓ ฟGary Cahill
76%
2012-201324DF ๐Ÿด๓ ง๓ ข๓ ฅ๓ ฎ๓ ง๓ ฟGary Cahill
76%
2016-201724DF ๐Ÿด๓ ง๓ ข๓ ฅ๓ ฎ๓ ง๓ ฟGary Cahill
76%
2020-202122FW ๐Ÿ‡ฒ๐Ÿ‡ฆHakim Ziyech
76%
2022-202322FW ๐Ÿ‡ฒ๐Ÿ‡ฆHakim Ziyech
76%
2021-202222FW ๐Ÿ‡ฒ๐Ÿ‡ฆHakim Ziyech
76%
2015-201617FW ๐Ÿ‡ช๐Ÿ‡ธPedro
76%
2019-202011FW ๐Ÿ‡ช๐Ÿ‡ธPedro
76%
2017-201811FW ๐Ÿ‡ช๐Ÿ‡ธPedro
76%
2018-201911FW ๐Ÿ‡ช๐Ÿ‡ธPedro
76%
2016-201711FW ๐Ÿ‡ช๐Ÿ‡ธPedro
76%
2020-202121DF ๐Ÿด๓ ง๓ ข๓ ฅ๓ ฎ๓ ง๓ ฟBen Chilwell
75%
2022-202321DF ๐Ÿด๓ ง๓ ข๓ ฅ๓ ฎ๓ ง๓ ฟBen Chilwell
75%
2021-202221DF ๐Ÿด๓ ง๓ ข๓ ฅ๓ ฎ๓ ง๓ ฟBen Chilwell
75%
2022-20235MF ๐Ÿ‡ฆ๐Ÿ‡ทEnzo Fernรกndez
75%
2013-201421MF ๐Ÿ‡ท๐Ÿ‡ธNemanja Matic
75%
2014-201521MF ๐Ÿ‡ท๐Ÿ‡ธNemanja Matic
75%
2016-201721MF ๐Ÿ‡ท๐Ÿ‡ธNemanja Matic
75%
2015-201621MF ๐Ÿ‡ท๐Ÿ‡ธNemanja Matic
75%
2006-20077FW ๐Ÿ‡บ๐Ÿ‡ฆAndriy Shevchenko
73%
2007-20087FW ๐Ÿ‡บ๐Ÿ‡ฆAndriy Shevchenko
73%
2018-201915MF ๐Ÿ‡ณ๐Ÿ‡ฌVictor Moses
72%
2012-201313MF ๐Ÿ‡ณ๐Ÿ‡ฌVictor Moses
72%
2016-201715MF ๐Ÿ‡ณ๐Ÿ‡ฌVictor Moses
72%
2017-201815MF ๐Ÿ‡ณ๐Ÿ‡ฌVictor Moses
72%
2011-201217DF ๐Ÿ‡ต๐Ÿ‡นBosingwa
71%
2010-201117DF ๐Ÿ‡ต๐Ÿ‡นBosingwa
71%
2008-200917DF ๐Ÿ‡ต๐Ÿ‡นBosingwa
71%
2009-201017DF ๐Ÿ‡ต๐Ÿ‡นBosingwa
71%
2015-20169FW ๐Ÿ‡จ๐Ÿ‡ดRadamel Falcao
71%
2009-201021FW ๐Ÿ‡จ๐Ÿ‡ฎSalomon Kalou
70%
2007-200821FW ๐Ÿ‡จ๐Ÿ‡ฎSalomon Kalou
70%
2008-200921FW ๐Ÿ‡จ๐Ÿ‡ฎSalomon Kalou
70%
2011-201221FW ๐Ÿ‡จ๐Ÿ‡ฎSalomon Kalou
70%
2006-200721FW ๐Ÿ‡จ๐Ÿ‡ฎSalomon Kalou
70%
2010-201121FW ๐Ÿ‡จ๐Ÿ‡ฎSalomon Kalou
70%
2003-20044MF ๐Ÿ‡ซ๐Ÿ‡ทClaude Makรฉlรฉlรฉ
69%
2005-20064MF ๐Ÿ‡ซ๐Ÿ‡ทClaude Makรฉlรฉlรฉ
69%
2007-20084MF ๐Ÿ‡ซ๐Ÿ‡ทClaude Makรฉlรฉlรฉ
69%
2004-20054MF ๐Ÿ‡ซ๐Ÿ‡ทClaude Makรฉlรฉlรฉ
69%
2006-20074MF ๐Ÿ‡ซ๐Ÿ‡ทClaude Makรฉlรฉlรฉ
69%
2018-201929FW ๐Ÿ‡ช๐Ÿ‡ธรlvaro Morata
68%
2017-20189FW ๐Ÿ‡ช๐Ÿ‡ธรlvaro Morata
68%
2007-200815FW ๐Ÿ‡ฌ๐Ÿ‡ซFlorent Malouda
68%
2008-200915FW ๐Ÿ‡ฌ๐Ÿ‡ซFlorent Malouda
68%
2010-201115FW ๐Ÿ‡ฌ๐Ÿ‡ซFlorent Malouda
68%
2009-201015FW ๐Ÿ‡ฌ๐Ÿ‡ซFlorent Malouda
68%
2011-201215FW ๐Ÿ‡ฌ๐Ÿ‡ซFlorent Malouda
68%
2018-20199FW ๐Ÿ‡ฆ๐Ÿ‡ทGonzalo Higuaรญn
68%
2013-201415MF ๐Ÿ‡ง๐Ÿ‡ชKevin De Bruyne
68%
2018-201913GK ๐Ÿ‡ฆ๐Ÿ‡ทWilly Caballero
68%
2017-20181GK ๐Ÿ‡ฆ๐Ÿ‡ทWilly Caballero
68%
2020-202113GK ๐Ÿ‡ฆ๐Ÿ‡ทWilly Caballero
68%
2019-202013GK ๐Ÿ‡ฆ๐Ÿ‡ทWilly Caballero
68%
2006-200716FW ๐Ÿ‡ณ๐Ÿ‡ฑArjen Robben
67%
2005-200616FW ๐Ÿ‡ณ๐Ÿ‡ฑArjen Robben
67%
2004-200516FW ๐Ÿ‡ณ๐Ÿ‡ฑArjen Robben
67%
2009-201020MF ๐Ÿ‡ต๐Ÿ‡นDeco
66%
2008-200920MF ๐Ÿ‡ต๐Ÿ‡นDeco
66%
2022-202315FW ๐Ÿ‡บ๐Ÿ‡ฆMykhaylo Mudryk
66%
2018-201918FW ๐Ÿ‡ซ๐Ÿ‡ทOlivier Giroud
64%
2017-201818FW ๐Ÿ‡ซ๐Ÿ‡ทOlivier Giroud
64%
2019-202018FW ๐Ÿ‡ซ๐Ÿ‡ทOlivier Giroud
64%
2020-202118FW ๐Ÿ‡ซ๐Ÿ‡ทOlivier Giroud
64%
2012-201319DF ๐Ÿ‡ต๐Ÿ‡นPaulo Ferreira
64%
2009-201019DF ๐Ÿ‡ต๐Ÿ‡นPaulo Ferreira
64%
2008-200919DF ๐Ÿ‡ต๐Ÿ‡นPaulo Ferreira
64%
2007-200820DF ๐Ÿ‡ต๐Ÿ‡นPaulo Ferreira
64%
2004-200520DF ๐Ÿ‡ต๐Ÿ‡นPaulo Ferreira
64%
2011-201219DF ๐Ÿ‡ต๐Ÿ‡นPaulo Ferreira
64%
2010-201119DF ๐Ÿ‡ต๐Ÿ‡นPaulo Ferreira
64%
2006-200720DF ๐Ÿ‡ต๐Ÿ‡นPaulo Ferreira
64%
2005-200620DF ๐Ÿ‡ต๐Ÿ‡นPaulo Ferreira
64%
2022-20239FW ๐Ÿ‡ฌ๐Ÿ‡ฆPierre-Emerick Aubameyang
64%
2001-200213DF ๐Ÿ‡ซ๐Ÿ‡ทWilliam Gallas
62%
2002-200313DF ๐Ÿ‡ซ๐Ÿ‡ทWilliam Gallas
62%
2005-200613DF ๐Ÿ‡ซ๐Ÿ‡ทWilliam Gallas
62%
2004-200513DF ๐Ÿ‡ซ๐Ÿ‡ทWilliam Gallas
62%
2003-200413DF ๐Ÿ‡ซ๐Ÿ‡ทWilliam Gallas
62%
2005-200622FW ๐Ÿ‡ฎ๐Ÿ‡ธEidur Gudjohnsen
61%
2001-200222FW ๐Ÿ‡ฎ๐Ÿ‡ธEidur Gudjohnsen
61%
2002-200322FW ๐Ÿ‡ฎ๐Ÿ‡ธEidur Gudjohnsen
61%
2004-200522FW ๐Ÿ‡ฎ๐Ÿ‡ธEidur Gudjohnsen
61%
2000-200122FW ๐Ÿ‡ฎ๐Ÿ‡ธEidur Gudjohnsen
61%
2003-200422FW ๐Ÿ‡ฎ๐Ÿ‡ธEidur Gudjohnsen
61%
2000-200125FW ๐Ÿ‡ฎ๐Ÿ‡นGianfranco Zola
61%
2002-200325FW ๐Ÿ‡ฎ๐Ÿ‡นGianfranco Zola
61%
2001-200225FW ๐Ÿ‡ฎ๐Ÿ‡นGianfranco Zola
61%
2022-202326DF ๐Ÿ‡ธ๐Ÿ‡ณKalidou Koulibaly
61%
2022-202312MF ๐Ÿด๓ ง๓ ข๓ ฅ๓ ฎ๓ ง๓ ฟRuben Loftus-Cheek
61%
2018-201912MF ๐Ÿด๓ ง๓ ข๓ ฅ๓ ฎ๓ ง๓ ฟRuben Loftus-Cheek
61%
2016-201714MF ๐Ÿด๓ ง๓ ข๓ ฅ๓ ฎ๓ ง๓ ฟRuben Loftus-Cheek
61%
2014-201536MF ๐Ÿด๓ ง๓ ข๓ ฅ๓ ฎ๓ ง๓ ฟRuben Loftus-Cheek
61%
2021-202212MF ๐Ÿด๓ ง๓ ข๓ ฅ๓ ฎ๓ ง๓ ฟRuben Loftus-Cheek
61%
2015-201636MF ๐Ÿด๓ ง๓ ข๓ ฅ๓ ฎ๓ ง๓ ฟRuben Loftus-Cheek
61%
2019-202012MF ๐Ÿด๓ ง๓ ข๓ ฅ๓ ฎ๓ ง๓ ฟRuben Loftus-Cheek
61%
2015-201642FW ๐Ÿด๓ ง๓ ข๓ ฅ๓ ฎ๓ ง๓ ฟTammy Abraham
61%
2020-20219FW ๐Ÿด๓ ง๓ ข๓ ฅ๓ ฎ๓ ง๓ ฟTammy Abraham
61%
2019-20209FW ๐Ÿด๓ ง๓ ข๓ ฅ๓ ฎ๓ ง๓ ฟTammy Abraham
61%
2015-20161GK ๐Ÿ‡ง๐Ÿ‡ฆAsmir Begovic
60%
2016-20171GK ๐Ÿ‡ง๐Ÿ‡ฆAsmir Begovic
60%
2013-201414FW ๐Ÿ‡ฉ๐Ÿ‡ชAndrรฉ Schรผrrle
58%
2014-201514FW ๐Ÿ‡ฉ๐Ÿ‡ชAndrรฉ Schรผrrle
58%
2018-201933DF ๐Ÿ‡ฎ๐Ÿ‡นEmerson
58%
2017-201833DF ๐Ÿ‡ฎ๐Ÿ‡นEmerson
58%
2019-202033DF ๐Ÿ‡ฎ๐Ÿ‡นEmerson
58%
2020-202133DF ๐Ÿ‡ฎ๐Ÿ‡นEmerson
58%
2005-20069FW ๐Ÿ‡ฆ๐Ÿ‡ทHernรกn Crespo
58%
2003-200421FW ๐Ÿ‡ฆ๐Ÿ‡ทHernรกn Crespo
58%
2019-202015DF ๐Ÿ‡ซ๐Ÿ‡ทKurt Zouma
58%
2016-20175DF ๐Ÿ‡ซ๐Ÿ‡ทKurt Zouma
58%
2014-20155DF ๐Ÿ‡ซ๐Ÿ‡ทKurt Zouma
58%
2015-20165DF ๐Ÿ‡ซ๐Ÿ‡ทKurt Zouma
58%
2020-202115DF ๐Ÿ‡ซ๐Ÿ‡ทKurt Zouma
58%
2013-201429FW ๐Ÿ‡จ๐Ÿ‡ฒSamuel Eto'o
57%
2019-202023FW ๐Ÿ‡ง๐Ÿ‡ชMichy Batshuayi
56%
2016-201723FW ๐Ÿ‡ง๐Ÿ‡ชMichy Batshuayi
56%
2017-201823FW ๐Ÿ‡ง๐Ÿ‡ชMichy Batshuayi
56%
2022-202323MF ๐Ÿด๓ ง๓ ข๓ ฅ๓ ฎ๓ ง๓ ฟConor Gallagher
55%
2009-201023FW ๐Ÿด๓ ง๓ ข๓ ฅ๓ ฎ๓ ง๓ ฟDaniel Sturridge
55%
2011-201223FW ๐Ÿด๓ ง๓ ข๓ ฅ๓ ฎ๓ ง๓ ฟDaniel Sturridge
55%
2012-201323FW ๐Ÿด๓ ง๓ ข๓ ฅ๓ ฎ๓ ง๓ ฟDaniel Sturridge
55%
2010-201123FW ๐Ÿด๓ ง๓ ข๓ ฅ๓ ฎ๓ ง๓ ฟDaniel Sturridge
55%
2022-202332DF ๐Ÿ‡ช๐Ÿ‡ธMarc Cucurella
55%
2002-20039FW ๐Ÿ‡ณ๐Ÿ‡ฑJimmy Floyd Hasselbaink
54%
2003-20049FW ๐Ÿ‡ณ๐Ÿ‡ฑJimmy Floyd Hasselbaink
54%
2000-20019FW ๐Ÿ‡ณ๐Ÿ‡ฑJimmy Floyd Hasselbaink
54%
2001-20029FW ๐Ÿ‡ณ๐Ÿ‡ฑJimmy Floyd Hasselbaink
54%
2022-202333DF ๐Ÿ‡ซ๐Ÿ‡ทWesley Fofana
54%
2020-202120FW ๐Ÿด๓ ง๓ ข๓ ฅ๓ ฎ๓ ง๓ ฟCallum Hudson-Odoi
53%
2018-201920FW ๐Ÿด๓ ง๓ ข๓ ฅ๓ ฎ๓ ง๓ ฟCallum Hudson-Odoi
53%
2019-202020FW ๐Ÿด๓ ง๓ ข๓ ฅ๓ ฎ๓ ง๓ ฟCallum Hudson-Odoi
53%
2021-202220FW ๐Ÿด๓ ง๓ ข๓ ฅ๓ ฎ๓ ง๓ ฟCallum Hudson-Odoi
53%
2001-200223GK ๐Ÿ‡ฎ๐Ÿ‡นCarlo Cudicini
52%
2003-200423GK ๐Ÿ‡ฎ๐Ÿ‡นCarlo Cudicini
52%
2000-200123GK ๐Ÿ‡ฎ๐Ÿ‡นCarlo Cudicini
52%
2004-200523GK ๐Ÿ‡ฎ๐Ÿ‡นCarlo Cudicini
52%
2002-200323GK ๐Ÿ‡ฎ๐Ÿ‡นCarlo Cudicini
52%
2006-200723GK ๐Ÿ‡ฎ๐Ÿ‡นCarlo Cudicini
52%
2005-200623GK ๐Ÿ‡ฎ๐Ÿ‡นCarlo Cudicini
52%
2007-200823GK ๐Ÿ‡ฎ๐Ÿ‡นCarlo Cudicini
52%
2008-200923GK ๐Ÿ‡ฎ๐Ÿ‡นCarlo Cudicini
52%
2005-200611MF ๐Ÿ‡ฎ๐Ÿ‡ชDamien Duff
52%
2004-200511MF ๐Ÿ‡ฎ๐Ÿ‡ชDamien Duff
52%
2003-200411MF ๐Ÿ‡ฎ๐Ÿ‡ชDamien Duff
52%
2022-202311FW ๐Ÿ‡ต๐Ÿ‡นJoรฃo Fรฉlix
52%
2001-20026DF ๐Ÿ‡ซ๐Ÿ‡ทMarcel Desailly
52%
2000-20016DF ๐Ÿ‡ซ๐Ÿ‡ทMarcel Desailly
52%
2003-20046DF ๐Ÿ‡ซ๐Ÿ‡ทMarcel Desailly
52%
2002-20036DF ๐Ÿ‡ซ๐Ÿ‡ทMarcel Desailly
52%
2015-20166DF ๐Ÿ‡ฌ๐Ÿ‡ญAbdul Rahman Baba
50%
2011-201213DF ๐Ÿ‡ง๐Ÿ‡ทAlex
50%
2010-201133DF ๐Ÿ‡ง๐Ÿ‡ทAlex
50%
2009-201033DF ๐Ÿ‡ง๐Ÿ‡ทAlex
50%
2007-200833DF ๐Ÿ‡ง๐Ÿ‡ทAlex
50%
2008-200933DF ๐Ÿ‡ง๐Ÿ‡ทAlex
50%
2011-201216MF ๐Ÿ‡ต๐Ÿ‡นRaรบl Meireles
50%
2010-201110FW ๐Ÿ‡ฎ๐Ÿ‡ฑYossi Benayoun
49%
2012-201330FW ๐Ÿ‡ฎ๐Ÿ‡ฑYossi Benayoun
49%
2003-20047FW ๐Ÿ‡ท๐Ÿ‡ดAdrian Mutu
48%
2017-20186MF ๐Ÿด๓ ง๓ ข๓ ฅ๓ ฎ๓ ง๓ ฟDanny Drinkwater
48%
2012-20134DF ๐Ÿ‡ณ๐Ÿ‡ฑNathan Akรฉ
48%
2014-20156DF ๐Ÿ‡ณ๐Ÿ‡ฑNathan Akรฉ
48%
2016-20176DF ๐Ÿ‡ณ๐Ÿ‡ฑNathan Akรฉ
48%
2022-202314DF ๐Ÿด๓ ง๓ ข๓ ฅ๓ ฎ๓ ง๓ ฟTrevoh Chalobah
48%
2021-202214DF ๐Ÿด๓ ง๓ ข๓ ฅ๓ ฎ๓ ง๓ ฟTrevoh Chalobah
48%
2022-20234DF ๐Ÿ‡ซ๐Ÿ‡ทBenoรฎt Badiashile
47%
2016-201729MF ๐Ÿด๓ ง๓ ข๓ ฅ๓ ฎ๓ ง๓ ฟNathaniel Chalobah
47%
2010-201118DF ๐Ÿ‡ท๐Ÿ‡บYuriy Zhirkov
47%
2009-201018DF ๐Ÿ‡ท๐Ÿ‡บYuriy Zhirkov
47%
2018-201921DF ๐Ÿ‡ฎ๐Ÿ‡นDavide Zappacosta
46%
2017-201821DF ๐Ÿ‡ฎ๐Ÿ‡นDavide Zappacosta
46%
2014-20153DF ๐Ÿ‡ง๐Ÿ‡ทFilipe Luรญs
45%
2021-202218MF ๐Ÿด๓ ง๓ ข๓ ฅ๓ ฎ๓ ง๓ ฟRoss Barkley
45%
2019-20208MF ๐Ÿด๓ ง๓ ข๓ ฅ๓ ฎ๓ ง๓ ฟRoss Barkley
45%
2017-20188MF ๐Ÿด๓ ง๓ ข๓ ฅ๓ ฎ๓ ง๓ ฟRoss Barkley
45%
2018-20198MF ๐Ÿด๓ ง๓ ข๓ ฅ๓ ฎ๓ ง๓ ฟRoss Barkley
45%
2005-20062DF ๐Ÿด๓ ง๓ ข๓ ฅ๓ ฎ๓ ง๓ ฟGlen Johnson
43%
2004-20052DF ๐Ÿด๓ ง๓ ข๓ ฅ๓ ฎ๓ ง๓ ฟGlen Johnson
43%
2003-20042DF ๐Ÿด๓ ง๓ ข๓ ฅ๓ ฎ๓ ง๓ ฟGlen Johnson
43%
2014-201523MF ๐Ÿ‡จ๐Ÿ‡ดJuan Cuadrado
41%
2011-201234DF ๐Ÿด๓ ง๓ ข๓ ฅ๓ ฎ๓ ง๓ ฟRyan Bertrand
41%
2012-201334DF ๐Ÿด๓ ง๓ ข๓ ฅ๓ ฎ๓ ง๓ ฟRyan Bertrand
41%
2013-201434DF ๐Ÿด๓ ง๓ ข๓ ฅ๓ ฎ๓ ง๓ ฟRyan Bertrand
41%
2015-201611FW ๐Ÿ‡ง๐Ÿ‡ทAlexandre Pato
37%
2002-200317MF ๐Ÿ‡ซ๐Ÿ‡ทEmmanuel Petit
37%
2003-200417MF ๐Ÿ‡ซ๐Ÿ‡ทEmmanuel Petit
37%
2001-200217MF ๐Ÿ‡ซ๐Ÿ‡ทEmmanuel Petit
37%
2017-201814MF ๐Ÿ‡ซ๐Ÿ‡ทTiemouรฉ Bakayoko
37%
2007-200818DF ๐Ÿด๓ ง๓ ข๓ ฅ๓ ฎ๓ ง๓ ฟWayne Bridge
36%
2008-200918DF ๐Ÿด๓ ง๓ ข๓ ฅ๓ ฎ๓ ง๓ ฟWayne Bridge
36%
2003-200418DF ๐Ÿด๓ ง๓ ข๓ ฅ๓ ฎ๓ ง๓ ฟWayne Bridge
36%
2006-200718DF ๐Ÿด๓ ง๓ ข๓ ฅ๓ ฎ๓ ง๓ ฟWayne Bridge
36%
2004-200518DF ๐Ÿด๓ ง๓ ข๓ ฅ๓ ฎ๓ ง๓ ฟWayne Bridge
36%
2005-200618DF ๐Ÿด๓ ง๓ ข๓ ฅ๓ ฎ๓ ง๓ ฟWayne Bridge
36%
2020-202114DF ๐Ÿด๓ ง๓ ข๓ ฅ๓ ฎ๓ ง๓ ฟFikayo Tomori
35%
2019-202029DF ๐Ÿด๓ ง๓ ข๓ ฅ๓ ฎ๓ ง๓ ฟFikayo Tomori
35%
2015-201614FW ๐Ÿ‡ง๐Ÿ‡ซBertrand Traorรฉ
34%
2000-20018MF ๐Ÿ‡บ๐Ÿ‡พGustavo Poyet
34%
2004-20059FW ๐Ÿ‡ท๐Ÿ‡ธMateja Kezman
34%
2017-201816FW ๐Ÿ‡ง๐Ÿ‡ทKenedy
33%
2015-201616FW ๐Ÿ‡ง๐Ÿ‡ทKenedy
33%
2016-201716FW ๐Ÿ‡ง๐Ÿ‡ทKenedy
33%
2021-202231DF ๐Ÿ‡ซ๐Ÿ‡ทMalang Sarr
33%
2007-200814FW ๐Ÿ‡ต๐Ÿ‡ชClaudio Pizarro
32%
2014-201518FW ๐Ÿ‡ซ๐Ÿ‡ทLoรฏc Rรฉmy
32%
2015-201618FW ๐Ÿ‡ซ๐Ÿ‡ทLoรฏc Rรฉmy
32%
2003-200420MF ๐Ÿ‡ฆ๐Ÿ‡ทJuan Sebastiรกn Verรณn
31%
2006-200719MF ๐Ÿ‡ซ๐Ÿ‡ทLassana Diarra
31%
2005-200619MF ๐Ÿ‡ซ๐Ÿ‡ทLassana Diarra
31%
2013-201422GK ๐Ÿ‡ฆ๐Ÿ‡บMark Schwarzer
31%
2004-200514MF ๐Ÿ‡จ๐Ÿ‡ฒNjitap Geremi
30%
2005-200614MF ๐Ÿ‡จ๐Ÿ‡ฒNjitap Geremi
30%
2006-200714MF ๐Ÿ‡จ๐Ÿ‡ฒNjitap Geremi
30%
2003-200414MF ๐Ÿ‡จ๐Ÿ‡ฒNjitap Geremi
30%
2008-200918FW ๐Ÿ‡ต๐Ÿ‡นRicardo Quaresma
30%
2004-200529DF ๐Ÿ‡ฉ๐Ÿ‡ชRobert Huth
30%
2002-200329DF ๐Ÿ‡ฉ๐Ÿ‡ชRobert Huth
30%
2005-200629DF ๐Ÿ‡ฉ๐Ÿ‡ชRobert Huth
30%
2001-200229DF ๐Ÿ‡ฉ๐Ÿ‡ชRobert Huth
30%
2003-200429DF ๐Ÿ‡ฉ๐Ÿ‡ชRobert Huth
30%
2005-20063DF ๐Ÿ‡ช๐Ÿ‡ธAsier del Horno
29%
2017-20184DF ๐Ÿด๓ ง๓ ข๓ ท๓ ฌ๓ ณ๓ ฟEthan Ampadu
29%
2018-201944DF ๐Ÿด๓ ง๓ ข๓ ท๓ ฌ๓ ณ๓ ฟEthan Ampadu
29%
2007-200840GK ๐Ÿ‡ต๐Ÿ‡นHilรกrio
29%
2006-200740GK ๐Ÿ‡ต๐Ÿ‡นHilรกrio
29%
2009-201040GK ๐Ÿ‡ต๐Ÿ‡นHilรกrio
29%
2021-202217MF ๐Ÿ‡ช๐Ÿ‡ธSaรบl ร‘รญguez
29%
2000-200119FW ๐Ÿ‡ณ๐Ÿ‡ดTore Andrรฉ Flo
29%
2019-202047MF ๐Ÿด๓ ง๓ ข๓ ณ๓ ฃ๓ ด๓ ฟBilly Gilmour
28%
2020-202123MF ๐Ÿด๓ ง๓ ข๓ ณ๓ ฃ๓ ด๓ ฟBilly Gilmour
28%
2000-20011GK ๐Ÿ‡ณ๐Ÿ‡ฑEd de Goey
28%
2001-20021GK ๐Ÿ‡ณ๐Ÿ‡ฑEd de Goey
28%
2002-20031GK ๐Ÿ‡ณ๐Ÿ‡ฑEd de Goey
28%
2022-202367DF ๐Ÿด๓ ง๓ ข๓ ฅ๓ ฎ๓ ง๓ ฟLewis Hall
28%
2000-20015DF ๐Ÿ‡ซ๐Ÿ‡ทFrank Leboeuf
27%
2012-20136MF ๐Ÿ‡ช๐Ÿ‡ธOriol Romeu
27%
2011-20126MF ๐Ÿ‡ช๐Ÿ‡ธOriol Romeu
27%
2007-200824FW ๐Ÿด๓ ง๓ ข๓ ฅ๓ ฎ๓ ง๓ ฟShaun Wright-Phillips
27%
2006-200724FW ๐Ÿด๓ ง๓ ข๓ ฅ๓ ฎ๓ ง๓ ฟShaun Wright-Phillips
27%
2005-200624FW ๐Ÿด๓ ง๓ ข๓ ฅ๓ ฎ๓ ง๓ ฟShaun Wright-Phillips
27%
2004-20053DF ๐Ÿ‡ณ๐Ÿ‡ฌCelestine Babayaro
26%
2003-20043DF ๐Ÿ‡ณ๐Ÿ‡ฌCelestine Babayaro
26%
2002-20033DF ๐Ÿ‡ณ๐Ÿ‡ฌCelestine Babayaro
26%
2001-20023DF ๐Ÿ‡ณ๐Ÿ‡ฌCelestine Babayaro
26%
2000-20013DF ๐Ÿ‡ณ๐Ÿ‡ฌCelestine Babayaro
26%
2009-201035DF ๐Ÿ‡ง๐Ÿ‡ทJuliano Belletti
26%
2007-200835DF ๐Ÿ‡ง๐Ÿ‡ทJuliano Belletti
26%
2008-200935DF ๐Ÿ‡ง๐Ÿ‡ทJuliano Belletti
26%
2000-200116MF ๐Ÿ‡ฎ๐Ÿ‡นRoberto Di Matteo
26%
2017-201867FW ๐Ÿ‡ง๐Ÿ‡ชCharly Musonda Jr.
25%
2000-200111MF ๐Ÿด๓ ง๓ ข๓ ฅ๓ ฎ๓ ง๓ ฟDennis Wise
25%
2012-201335MF ๐Ÿ‡ง๐Ÿ‡ทLucas Piazon
25%
2004-200530MF ๐Ÿ‡ต๐Ÿ‡นTiago Mendes
24%
2006-20079DF ๐Ÿ‡ณ๐Ÿ‡ฑKhalid Boulahrouz
23%
2001-200214DF ๐Ÿด๓ ง๓ ข๓ ฅ๓ ฎ๓ ง๓ ฟGraeme Le Saux
22%
2002-200314DF ๐Ÿด๓ ง๓ ข๓ ฅ๓ ฎ๓ ง๓ ฟGraeme Le Saux
22%
2000-200114DF ๐Ÿด๓ ง๓ ข๓ ฅ๓ ฎ๓ ง๓ ฟGraeme Le Saux
22%
2005-20067MF ๐Ÿ‡ต๐Ÿ‡นManiche
21%
2001-200215DF ๐Ÿ‡ณ๐Ÿ‡ฑMario Melchiot
21%
2000-200115DF ๐Ÿ‡ณ๐Ÿ‡ฑMario Melchiot
21%
2002-200315DF ๐Ÿ‡ณ๐Ÿ‡ฑMario Melchiot
21%
2003-200415DF ๐Ÿ‡ณ๐Ÿ‡ฑMario Melchiot
21%
2015-201620DF ๐Ÿ‡บ๐Ÿ‡ธMatt Miazga
21%
2001-200218DF ๐Ÿ‡ช๐Ÿ‡ธAlbert Ferrer
20%
2000-200117DF ๐Ÿ‡ช๐Ÿ‡ธAlbert Ferrer
20%
2002-200317DF ๐Ÿ‡ช๐Ÿ‡ธAlbert Ferrer
20%
2008-20099FW ๐Ÿ‡ฆ๐Ÿ‡ทFranco Di Santo
20%
2012-201321MF ๐Ÿ‡ฉ๐Ÿ‡ชMarko Marin
20%
2012-201322GK ๐Ÿด๓ ง๓ ข๓ ฅ๓ ฎ๓ ง๓ ฟRoss Turnbull
20%
2011-201222GK ๐Ÿด๓ ง๓ ข๓ ฅ๓ ฎ๓ ง๓ ฟRoss Turnbull
20%
2009-201022GK ๐Ÿด๓ ง๓ ข๓ ฅ๓ ฎ๓ ง๓ ฟRoss Turnbull
20%
2010-201122GK ๐Ÿด๓ ง๓ ข๓ ฅ๓ ฎ๓ ง๓ ฟRoss Turnbull
20%
2009-201045FW ๐Ÿ‡ฎ๐Ÿ‡นFabio Borini
19%
2000-200130FW ๐Ÿ‡ฉ๐Ÿ‡ฐJesper Grรถnkjaer
19%
2002-200330FW ๐Ÿ‡ฉ๐Ÿ‡ฐJesper Grรถnkjaer
19%
2001-200230FW ๐Ÿ‡ฉ๐Ÿ‡ฐJesper Grรถnkjaer
19%
2003-200430FW ๐Ÿ‡ฉ๐Ÿ‡ฐJesper Grรถnkjaer
19%
2004-200519MF ๐Ÿด๓ ง๓ ข๓ ฅ๓ ฎ๓ ง๓ ฟScott Parker
19%
2003-200419MF ๐Ÿด๓ ง๓ ข๓ ฅ๓ ฎ๓ ง๓ ฟScott Parker
19%
2002-200311FW ๐Ÿ‡ณ๐Ÿ‡ฑBoudewijn Zenden
18%
2001-200211FW ๐Ÿ‡ณ๐Ÿ‡ฑBoudewijn Zenden
18%
2013-201433DF ๐Ÿ‡จ๐Ÿ‡ฟTomas Kalas
18%
2016-201737GK ๐Ÿ‡ต๐Ÿ‡นEduardo
15%
2000-200112FW ๐Ÿ‡ญ๐Ÿ‡ทMario Stanic
15%
2001-200212FW ๐Ÿ‡ญ๐Ÿ‡ทMario Stanic
15%
2002-200312FW ๐Ÿ‡ญ๐Ÿ‡ทMario Stanic
15%
2007-200822DF ๐Ÿ‡ฎ๐Ÿ‡ฑTal Ben Haim
15%
2000-20017DF ๐Ÿ‡ณ๐Ÿ‡ฑWinston Bogarde
14%
2002-20037DF ๐Ÿ‡ณ๐Ÿ‡ฑWinston Bogarde
14%
2004-20055MF ๐Ÿ‡ท๐Ÿ‡บAleksey Smertin
13%
2010-201144MF ๐Ÿ‡จ๐Ÿ‡ฉGaรซl Kakuta
13%
2009-201044MF ๐Ÿ‡จ๐Ÿ‡ฉGaรซl Kakuta
13%
2007-20089MF ๐Ÿด๓ ง๓ ข๓ ฅ๓ ฎ๓ ง๓ ฟSteve Sidwell
13%
2014-20159FW ๐Ÿด๓ ง๓ ข๓ ฅ๓ ฎ๓ ง๓ ฟDominic Solanke
12%
2001-200231GK ๐Ÿ‡ฆ๐Ÿ‡บMark Bosnich
12%
2000-20012DF ๐Ÿ‡ฎ๐Ÿ‡นChristian Panucci
11%
2010-201138DF ๐Ÿ‡ณ๐Ÿ‡ฑPatrick van Aanholt
11%
2010-201143DF ๐Ÿ‡ณ๐Ÿ‡ฑJeffrey Bruma
10%
2002-200320MF ๐Ÿด๓ ง๓ ข๓ ฅ๓ ฎ๓ ง๓ ฟJody Morris
10%
2001-200220MF ๐Ÿด๓ ง๓ ข๓ ฅ๓ ฎ๓ ง๓ ฟJody Morris
10%
2000-200120MF ๐Ÿด๓ ง๓ ข๓ ฅ๓ ฎ๓ ง๓ ฟJody Morris
10%
2019-20203DF ๐Ÿด๓ ง๓ ข๓ ฅ๓ ฎ๓ ง๓ ฟMarc Guรฉhi
10%
2001-200232FW ๐Ÿ‡ซ๐Ÿ‡ฎMikael Forssell
10%
2016-201734DF ๐Ÿ‡ณ๐Ÿ‡ฌOla Aina
10%
2000-200124MF ๐Ÿ‡ฎ๐Ÿ‡นSamuele Dalla Bona
10%
2001-200224MF ๐Ÿ‡ฎ๐Ÿ‡นSamuele Dalla Bona
10%
2002-200321MF ๐Ÿ‡ช๐Ÿ‡ธQuique de Lucas
9%
2006-200749FW ๐Ÿด๓ ง๓ ข๓ ฅ๓ ฎ๓ ง๓ ฟScott Sinclair
9%
2021-20227MF ๐Ÿด๓ ง๓ ข๓ ฅ๓ ฎ๓ ง๓ ฟHarvey Vale
8%
2001-200210MF ๐Ÿ‡ท๐Ÿ‡ธSlavisa Jokanovic
8%
2000-200110MF ๐Ÿ‡ท๐Ÿ‡ธSlavisa Jokanovic
8%
2000-200130DF ๐Ÿ‡ง๐Ÿ‡ทร‰merson Thome
7%
2004-200527DF ๐Ÿ‡จ๐Ÿ‡ฟJiri Jarosik
7%
2010-201146MF ๐Ÿด๓ ง๓ ข๓ ฅ๓ ฎ๓ ง๓ ฟJosh McEachran
7%
2008-200942DF ๐Ÿ‡ธ๐Ÿ‡จMichael Mancienne
7%
2006-200747FW ๐Ÿ‡ฎ๐Ÿ‡ฑBen Sahar
6%
2000-200134DF ๐Ÿด๓ ง๓ ข๓ ฅ๓ ฎ๓ ง๓ ฟJon Harley
6%
2003-200434GK ๐Ÿด๓ ง๓ ข๓ ณ๓ ฃ๓ ด๓ ฟNeil Sullivan
6%
2004-200533MF ๐Ÿ‡ต๐Ÿ‡นNuno Morais
6%
2006-200733MF ๐Ÿ‡ต๐Ÿ‡นNuno Morais
6%
2003-200427MF ๐Ÿ‡จ๐Ÿ‡พAlexis Nicolas
4%
2003-200431GK ๐Ÿ‡ฎ๐Ÿ‡นMarco Ambrosio
4%
2002-200328FW ๐Ÿ‡ต๐Ÿ‡นFilipe Oliveira
3%
2001-200233DF ๐Ÿ‡บ๐Ÿ‡ฌJoel Kitamirike
3%
2008-200927MF ๐Ÿ‡ง๐Ÿ‡ทMineiro
3%
2002-200336DF ๐Ÿด๓ ง๓ ข๓ ฅ๓ ฎ๓ ง๓ ฟJoe Keenan
2%
2005-200640GK ๐Ÿด๓ ง๓ ข๓ ฅ๓ ฎ๓ ง๓ ฟLenny Pidgeley
2%
2002-200340GK ๐Ÿด๓ ง๓ ข๓ ฅ๓ ฎ๓ ง๓ ฟLenny Pidgeley
2%
2004-200532DF ๐Ÿด๓ ง๓ ข๓ ณ๓ ฃ๓ ด๓ ฟSteven Watt
2%

Score Distribution

Percentile by Number Answered

Percent of People with Each Score

Your Score History

You have not taken this quiz since the last reset